|
|
|
|
| LEADER |
00000naa0a2200000 4500 |
| 001 |
595927 |
| 005 |
20250318143825.0 |
| 035 |
|
|
|a (RuTPU)RU\TPU\tpu\17831
|
| 035 |
|
|
|a RU\TPU\tpu\17830
|
| 090 |
|
|
|a 595927
|
| 100 |
|
|
|a 20100721d1989 k y0rusy50 ca
|
| 101 |
0 |
|
|a rus
|
| 102 |
|
|
|a RU
|
| 200 |
1 |
|
|a Свойства расплавов и стекол, синтезированных на основе бинарных смесей диопсид-флогопит
|f Л. Е. Боберь, Э. Н. Беломестнова, В. И. Верещагин
|
| 333 |
|
|
|a В фонде НТБ ТПУ отсутствует
|
| 463 |
|
|
|t Рациональное использование природных ресурсов Сибири
|o тезисы докладов научной конференции (Томск, 24-25 октября 1989 г.)
|v С. 40
|d 1989
|
| 610 |
1 |
|
|a труды учёных ТПУ
|
| 700 |
|
1 |
|a Боберь
|b Л. Е.
|
| 701 |
|
1 |
|a Беломестнова
|b Э. Н.
|c специалист в области инженерной педагогики
|c доцент Томского политехнического университета, кандидат технических наук
|f 1942-
|g Эмилия Николаевна
|9 12446
|
| 701 |
|
1 |
|a Верещагин
|b В. И.
|c химик-технолог
|c профессор Томского политехнического университета, доктор технических наук
|f 1942-
|g Владимир Иванович
|3 (RuTPU)RU\TPU\pers\19774
|9 7712
|
| 801 |
|
1 |
|a RU
|b 63413507
|c 20100721
|
| 801 |
|
2 |
|a RU
|b 63413507
|c 20100721
|g RCR
|
| 942 |
|
|
|c BK
|